000 00356nam a2200145Ia 4500
008 150201s2014 xx 000 0 und d
082 _a611.013
_bL14S
100 _aSADLER, T.W.
245 _aLANGMAN,S M EDICAL EMBRYOLOGY
250 _a12TH
260 _bWOLTERS KLUWER
_aINDIA
_c2014
300 _a1-384
650 _aHUMAN ANATOMY
942 _2ddc
_cBK
_023
999 _c1796
_d1796